Cambridge certificate of proficiency in English ( Teacher's book )

Đã lưu trong:
书目详细资料
格式: 图书
语言:Undetermined
出版: Cambridge, UK Cambridge Univ. Press 2001
主题:
标签: 添加标签
没有标签, 成为第一个标记此记录!
Thư viện lưu trữ: Trung tâm Học liệu Trường Đại học Cần Thơ
LEADER 00507nam a2200169Ia 4500
001 CTU_51811
008 210402s9999 xx 000 0 und d
020 |b 170000 
082 |a 428.24 
082 |b C178t/T1 
245 0 |a Cambridge certificate of proficiency in English ( Teacher's book ) 
260 |a Cambridge, UK 
260 |b Cambridge Univ. Press 
260 |c 2001 
650 |a english language 
650 |x textbooks for foreign speakers 
980 |a Trung tâm Học liệu Trường Đại học Cần Thơ